000
00322nam a2200145Ia 4500
005
20251222152031.0
008
251222s9999||||xx |||||||||||||| ||spa||
020
_a
9788431536084
082
_a
635.933.73/B45
100
_a
Beretta, D.
245
0
_a
Las Rosas
250
_a
1ra.ed.
264
_b
De Vecchi
942
_c
LIB
999
_c
25688
_d
25688